Statistics for Avantasia Singers

Click here to take the quiz!

General Stats

  • This quiz has been taken 21 times
  • The average score is 19 of 33

Answer Stats

Associated BandsAnswer% Correct
ex-Helloween, Place Vendome, UnisonicMichael Kiske
100%
EdguyTobias Sammet
100%
ex-Shaaman, ex-Angra, ex-Viper, ex-SymfoniaAndre Matos
82%
Blackmore's NightCandice Night
82%
ex-Helloween, Gamma RayKai Hansen
82%
ScorpionsKlaus Meine
82%
Magnum, ex-Hard RainBob Catley
76%
Twisted SisterDee Snider
76%
Operation: Mindcrime, ex-QueensrÿcheGeoff Tate
76%
Blind Guardian, Demons & WizardsHansi Kursch
76%
ex-Ark, ex-Masterplan,Jorn Lande
76%
Within TemptationSharon Den Adel
76%
Mr. BigEric Martin
71%
Pretty MaidsRonnie Atkins
71%
The Spiders, Hollywood VampiresAlice Cooper
65%
Nightwish, Tarot, Northern Kings, Raskasta Joulua, Sapattivuosi, SinergyMarco Hietala
65%
ex-Stratovarius, ex-Revolution Renaissance, ex-SymfoniaTimo Tolkki
65%
ex-At VanceOliver Hartman
59%
ex-Judas Priest, ex-Yngwie Malmsteen, ex-Iced EarthTim "Ripper" Owens
59%
Symphony X, Adrenaline MobRussel Allen
53%
Kreator, ex-VoodoocultMille Petrozza
47%
ex-Conception, ex-KamelotRoy Khan
47%
Aina, TrilliumAmanda Somerville
41%
SaxonBiff Byford
41%
ex-Rainbow, ex-Deep Purple, ex-Yngwie MalmsteenJoe Lynn Turner
41%
SavatageJon Oliva
41%
Kiss, ex-Black Sabbath, ex-Alice CooperEric Singer
35%
ex-Axel Rudi Pell, ex-Warrior, Driver, ImpellitteriRob Rock
35%
Edguy, Kamalot, EpicaCloudy Yang
29%
Seventh Avenue, SinbreedHerbie Langhans
29%
EdguyRalf Zdiarstek
18%
Warrant, Lynch MobRobert Mason
12%
Virgin SteeleDavid DeDeis
0%

Score Distribution

Percentile by Number Answered

Percent of People with Each Score

Your Score History

You have not taken this quiz